One Piece Strawhats - Statistics

General Stats
  • This quiz has been taken 283 times
  • The average score is 10 of 10
Answer Stats
Hint Answer % Correct
Captain Luffy
100%
Navigator Nami
100%
Swordsman Zoro
100%
Doctor Chopper
99%
Archaeologist Robin
99%
Cook Sanji
99%
Musician Brook
97%
Shipwright Franky
96%
Sniper Usopp
96%
Helmsman Jinbe
92%
No matching quizzes found
Score Distribution
Percent of People with Each Score
Percentile by Number Answered
Your Score History
You have not taken this quiz